Alternativa a la violencia / (Record no. 45692)

MARC details
000 -LEADER
campo de control de longitud fija 00586nam a2200193 i 4500
001 - NÚMERO DE CONTROL
campo de control 45692
003 - IDENTIFICADOR DE NÚMERO DE CONTROL
campo de control ES-MaACL
007 - CAMPO FIJO DE DESCRIPCIÓN FÍSICA--INFORMACIÓN GENERAL
campo de control de longitud fija t|
008 - DATOS DE LONGITUD FIJA--INFORMACIÓN GENERAL
campo de control de longitud fija 030326s1968 sp ||||1| spa d
100 1# - ENTRADA PRINCIPAL--NOMBRE DE PERSONA
Nombre de persona Colombo, Furio.
9 (RLIN) 39832
245 10 - MENCIÓN DEL TÍTULO
Título Alternativa a la violencia /
Mención de responsabilidad, etc. Furio Colombo ; [traducción, Montserrat D'Alos].
260 ## - PUBLICACIÓN, DISTRIBUCIÓN, ETC.
Lugar de publicación, distribución, etc. Barcelona :
Nombre del editor, distribuidor, etc. Lumen,
Fecha de publicación, distribución, etc. [1968]
300 ## - DESCRIPCIÓN FÍSICA
Extensión 273 p. ;
Dimensiones 19 cm.
490 1# - MENCIÓN DE SERIE
Mención de serie Palabra en el tiempo ;
Designación de volumen o secuencia 27
700 1# - ENTRADA AGREGADA--NOMBRE PERSONAL
Nombre de persona D'Alos, Montserrat.
9 (RLIN) 42340
830 0# - PUNTO DE ACCESO ADICIONAL DE SERIE-TÍTULO UNIFORME
Título uniforme Palabra en el tiempo ;
Designación de volumen o secuencia 27
9 (RLIN) 177857
852 ## - LOCALIZACIÓN
Ubicación ES-MaACL
Número de control de estantería G-4077
Sublocalización o colección R.65722
Holdings
Estatus retirado Estado de pérdida Estado de daño No para préstamo Biblioteca de origen Biblioteca actual Ubicación en estantería Fecha de adquisición Fuente de adquisición Total de préstamos Signatura topográfica completa Código de barras Visto por última vez Precio de reemplazo Tipo de ítem Koha
        Biblioteca del Ateneo de Madrid Biblioteca del Ateneo de Madrid Depósito 2 17/01/2008     G-4077 1048070 23/02/2023 23/02/2023 Libro impreso